<?xml version="1.0" encoding="UTF-8"?>
<record
    xmlns:xsi="http://www.w3.org/2001/XMLSchema-instance"
    xsi:schemaLocation="http://www.loc.gov/MARC21/slim http://www.loc.gov/standards/marcxml/schema/MARC21slim.xsd"
    xmlns="http://www.loc.gov/MARC21/slim">

  <leader>01085nam a22002897a 4500</leader>
  <controlfield tag="003">BDDh-ASL</controlfield>
  <controlfield tag="005">20231015031010.0</controlfield>
  <controlfield tag="008">220906s18941316xx ||||| |||| 00| 0 urd d</controlfield>
  <datafield tag="040" ind1=" " ind2=" ">
    <subfield code="a">BDDh-ASL</subfield>
    <subfield code="c">BDDh-ASL</subfield>
    <subfield code="d">BDDh-ASL</subfield>
  </datafield>
  <datafield tag="041" ind1=" " ind2=" ">
    <subfield code="a">urd</subfield>
  </datafield>
  <datafield tag="082" ind1=" " ind2=" ">
    <subfield code="a">297</subfield>
    <subfield code="b">BEI </subfield>
  </datafield>
  <datafield tag="100" ind1="1" ind2=" ">
    <subfield code="9">6461</subfield>
    <subfield code="a">Beg, Mohammad </subfield>
  </datafield>
  <datafield tag="245" ind1="1" ind2=" ">
    <subfield code="a">Islami Huquq : / &#x627;&#x633;&#x644;&#x627;&#x645;&#x6CC; &#x62D;&#x642;&#x648;&#x642; </subfield>
  </datafield>
  <datafield tag="246" ind1=" " ind2=" ">
    <subfield code="a">Dil Bhula O Asheqan / &#x62F;&#x644; &#x628;&#x6BE;&#x644;&#x627;&#x648;&#x639;&#x627;&#x634;&#x642;&#x627;&#x646;</subfield>
  </datafield>
  <datafield tag="246" ind1=" " ind2=" ">
    <subfield code="a">Safai Muamalat / &#x635;&#x641;&#x627;&#x626;&#x6CC; &#x645;&#x639;&#x627;&#x645;&#x644;&#x627;&#x62A; </subfield>
  </datafield>
  <datafield tag="246" ind1=" " ind2=" ">
    <subfield code="a">Tafsir-e Sura Rahman / &#x62A;&#x641;&#x633;&#x64A;&#x631; &#x633;&#x648;&#x631;&#x6C1; &#x631;&#x62D;&#x645;&#x646;  </subfield>
  </datafield>
  <datafield tag="246" ind1=" " ind2=" ">
    <subfield code="a">Sura Yasin Ki Tafsir / &#x633;&#x648;&#x631;&#x6C2; &#x64A;&#x633;&#x64A;&#x646; &#x6A9;&#x6CC; &#x62A;&#x641;&#x633;&#x64A;&#x631; </subfield>
  </datafield>
  <datafield tag="246" ind1=" " ind2=" ">
    <subfield code="a">Falasafi Ahkam Islam / &#x641;&#x644;&#x627;&#x633;&#x641;&#x6CC; &#x627;&#x62D;&#x6A9;&#x627;&#x645; &#x627;&#x633;&#x644;&#x627;&#x645; </subfield>
  </datafield>
  <datafield tag="246" ind1=" " ind2=" ">
    <subfield code="a">Ainul Hayat Fi Ijrail Khairat / &#x639;&#x64A;&#x646; &#x627;&#x644;&#x62D;&#x64A;&#x627;&#x62A; &#x641;&#x6CC; &#x627;&#x62C;&#x631;&#x627;&#x621; &#x627;&#x644;&#x62E;&#x64A;&#x631;&#x627;&#x62A; </subfield>
  </datafield>
  <datafield tag="246" ind1=" " ind2=" ">
    <subfield code="a">Tafsir-e Sura Tagabun / &#x62A;&#x641;&#x633;&#x64A;&#x631; &#x633;&#x648;&#x631;&#x6C2; &#x62A;&#x63A;&#x627;&#x628;&#x646; </subfield>
  </datafield>
  <datafield tag="246" ind1=" " ind2=" ">
    <subfield code="a">Mazharul Aqaid / &#x645;&#x638;&#x6C1;&#x631; &#x627;&#x644;&#x639;&#x642;&#x627;&#x626;&#x62F; </subfield>
  </datafield>
  <datafield tag="246" ind1=" " ind2=" ">
    <subfield code="a">Huququl Ilm / &#x62D;&#x642;&#x648;&#x642; &#x627;&#x644;&#x639;&#x644;&#x645; </subfield>
  </datafield>
  <datafield tag="260" ind1=" " ind2=" ">
    <subfield code="c">1894/1316 H. </subfield>
  </datafield>
  <datafield tag="300" ind1=" " ind2=" ">
    <subfield code="a">16 p. : </subfield>
    <subfield code="c">22 cm. </subfield>
  </datafield>
  <datafield tag="650" ind1=" " ind2="0">
    <subfield code="9">1652</subfield>
    <subfield code="a">Islam </subfield>
  </datafield>
  <datafield tag="942" ind1=" " ind2=" ">
    <subfield code="2">ddc</subfield>
    <subfield code="c">BK</subfield>
  </datafield>
  <datafield tag="952" ind1=" " ind2=" ">
    <subfield code="0">0</subfield>
    <subfield code="1">0</subfield>
    <subfield code="2">ddc</subfield>
    <subfield code="4">0</subfield>
    <subfield code="7">1</subfield>
    <subfield code="8">NFIC</subfield>
    <subfield code="a">ASL</subfield>
    <subfield code="b">ASL</subfield>
    <subfield code="c">GEN</subfield>
    <subfield code="d">2022-09-06</subfield>
    <subfield code="h">U-0810-A-I</subfield>
    <subfield code="l">0</subfield>
    <subfield code="o">297 BEI </subfield>
    <subfield code="p">117311</subfield>
    <subfield code="r">2022-09-06 00:00:00</subfield>
    <subfield code="t">C-1</subfield>
    <subfield code="w">2022-09-06</subfield>
    <subfield code="y">BK</subfield>
    <subfield code="z">Y-1894</subfield>
  </datafield>
  <datafield tag="999" ind1=" " ind2=" ">
    <subfield code="c">29134</subfield>
    <subfield code="d">29134</subfield>
  </datafield>
</record>
